000 00434cam a2200181 4500
001 D8631
008 090401t1981 xxu||||| |||| 00| 0 eng d
035 _a(Sirsi) u14268
041 _aeng
050 _a711
100 _aSelman, Paul H
245 _aEcology and planning: an introductory study
260 _aLondon
_bGeorge Godwin
_c1981
300 _axvii. 174p. ill. 24cm
350 _a10
942 _n0
948 _c04/03/1997
999 _c87165
_d87165